000 01006nam a22003257a 4500
003 CHAP
005 20220329143602.0
008 100726s1979 es a r 00010 spa d
010 _a98890
011 _a99862
020 _a8420506575
035 _a110548
040 _cCHAP
082 1 4 _a543.08583
_bC76
100 1 _aConley, Robert T.
_927191
245 1 0 _aEspectroscopía infraroja
_c/por R.T. Conley
260 _aBarcelona :
_bAlhambra,
_c1979
300 _a346 p. :
_bilus., tablas
590 _aBATCH-UPD
_b10
_c20130110
_lUCH01
_h1521
590 _aBATCH-UPD
_b10
_c20130410
_lUCH01
_h0933
590 _aBATCH-UPD
_b10
_c20130914
_lUCH01
_h0347
590 _aCONVERSION
_b10
_c20130109
_lUCH01
_h1355
650 1 4 _aAnálisis espectrométrico.
_95983
650 1 4 _aEspectrofotometría.
_937797
650 1 4 _aEspectroscopía.
_937802
650 1 4 _aRayos Infrarrojos.
_994863
901 _aBK
942 _cLIBRO
949 _a543.08583 C76
_bBC
_cLIBRO
_d33724002200223
_eLIBRO
_gI.c/e
_h112988
_i110548
_si
999 _c98890
_d98890